Представление документа в формате RUSMARC

Поле Инд. ПП Название Значение
Тип записи a
Библиографический уровень a
001 Контрольный номер f8c946094ad54365b73b28aff39da296
005 Дата корректировки 20190127081242.8
100 a Данные общей обработки 20181224 ||| 0rusy0189 ca
101 0_ a Язык текста rus
102 a Страна публикации RU
200 1_ f Первые сведения об ответственности Н.Ю. Лебедев, Л.В. Бертовский
a Заглавие Тактика альтернативного поведения защитника при рассмотрении уголовного дела в суде первой инстанции
b Общее обозначение материала Текст
210 1_ d Дата издания 2018
461 _0 1 2000
a Закон и право
463 _0 1 2000
a № 10
v С. 124-127
1 2101
d 2018
1 001b258fa7bd4384b36883885c5c579215b
606 a Основная рубрика Уголовно-процессуальное право
610 0_ a Ключевые слова УГОЛОВНЫЙ ПРОЦЕСС
a Ключевые слова УЧАСТНИКИ ПРОЦЕССА
a Ключевые слова АДВОКАТУРА
700 _1 a Фамилия Лебедев
b Имя Н.Ю.
701 _1 a Фамилия Бертовский
b Имя Л.В.
801 _0 a Страна RU
b Организация РГУП
c Дата составления 20181224
g Правила каталогизации PSBO
801 _1 a Страна RU
b Организация РГУП
c Дата составления 20181224
g Правила каталогизации PSBO
901 t Тип документа b
w Контрольный № источника b258fa7bd4384b36883885c5c579215b
905 a Дата ввода 20181224